Library Banner
Normal view MARC view

Entry Personal Name

Number of records used in: 46

001 - CONTROL NUMBER

  • control field: 2459

003 - CONTROL NUMBER IDENTIFIER

  • control field: PK-LaUMT

005 - DATE AND TIME OF LATEST TRANSACTION

  • control field: 20260618093523.0

008 - FIXED-LENGTH DATA ELEMENTS

  • fixed length control field: 241003|| aca||aabn | a|a d

040 ## - CATALOGING SOURCE

  • Original cataloging agency: PK-LaUMT
  • Transcribing agency: PK-LaUMT

100 1# - HEADING--PERSONAL NAME

  • Personal name: Iqbal, Allama Muhammad

670 ## - SOURCE DATA FOUND

  • Source citation: Work cat.: (PK-LaUMT)90108: Iqbal, Allama Muhammad, The reconstruction of religious thought in Islam /, 2014